000 00797nam a2200241Ia 4500
003 OSt
005 20220926024455.0
006 a|||||r|||| 00| 0
007 ta
008 220923b |||||||| |||| 00| 0 eng d
020 _a9781845205119
_c3411.3499999999999
037 _b30122, 26/08/2010, Segment Book Distrobutors
_cGeneral Book
040 _aRTL
_cRTL
_beng
041 _2eng
_aeng
082 _aX:3M24xM18:g(Y7), P9
100 _aPATTERSON Thomas C.
_923585
245 0 _aKarl Marx, anthropolgist
260 _aOxford
_bBerg
_c2009
300 _axiii, 222p Bibliography: P 181-217
_ccm.
650 _aSociology
942 _hX:3M24xM18:g(Y7), P9
_cGB
_2CC
999 _c644373
_d644373